<?xml version="1.0" encoding="UTF-8"?>
<collection xmlns="http://www.loc.gov/MARC21/slim">
 <record>
  <leader>00664nam a22001815a 4500</leader>
  <controlfield tag="001">EUN.um003054</controlfield>
  <controlfield tag="008">041125s1979####ag#a#####bm###000#0#spa#d</controlfield>
  <controlfield tag="005">20180601110111.0</controlfield>
  <datafield tag="245" ind1="1" ind2="0">
   <subfield code="a">Variaciones del nitrógeno inorgánico en un suelo de Bordenave (Bs. As.) /</subfield>
   <subfield code="c">Tomás Loewy.</subfield>
  </datafield>
  <datafield tag="260" ind1=" " ind2=" ">
   <subfield code="c">1979.</subfield>
  </datafield>
  <datafield tag="300" ind1=" " ind2=" ">
   <subfield code="a">88 h. :</subfield>
   <subfield code="b">ilus. ;</subfield>
   <subfield code="c">27,5 cm..</subfield>
  </datafield>
  <datafield tag="502" ind1=" " ind2=" ">
   <subfield code="a">Tesis--Universidad Nacional del Sur, 1979.</subfield>
  </datafield>
  <datafield tag="504" ind1=" " ind2=" ">
   <subfield code="a">Incluye referencias bibliográficas.</subfield>
  </datafield>
  <datafield tag="100" ind1="1" ind2=" ">
   <subfield code="a">Loewy, Tomás.</subfield>
  </datafield>
  <datafield tag="082" ind1="0" ind2="4">
   <subfield code="a">040</subfield>
  </datafield>
  <datafield tag="082" ind1="0" ind2="4">
   <subfield code="a">631.46</subfield>
  </datafield>
  <datafield tag="859" ind1=" " ind2=" ">
   <subfield code="a">Ar-BaUNS</subfield>
   <subfield code="b">BIB. CENTRAL - Tesis</subfield>
   <subfield code="h">040</subfield>
   <subfield code="i">B148 1979-74</subfield>
   <subfield code="k">R</subfield>
   <subfield code="p">82787/979</subfield>
  </datafield>
  <datafield tag="859" ind1=" " ind2=" ">
   <subfield code="a">Ar-BaUNS</subfield>
   <subfield code="b">BIB. CENTRAL - Sector A - Tesis</subfield>
   <subfield code="h">040</subfield>
   <subfield code="i">B148 1979-74</subfield>
   <subfield code="k">R</subfield>
   <subfield code="p">115445/005</subfield>
  </datafield>
 </record>
</collection>
